[Event "AUTO-OPEN-87"]
[Site "http://www.queenalice.com/game.php?id=60104"]
[Date "2006.3.29"]
[Round "2"]
[White "waltc"]
[Black "jiikoo"]
[Result "0-1"]
[WhiteElo "1760"]
[BlackElo "2234"]

1. e4 e5 2. Nf3 Nf6 3. Nxe5 d6 4. Nf3 Nxe4 5. d4 d5 6. Bd3 Be7 7. O-O Nc6 8. h3
O-O 9. Nbd2 f5 10. c4 Be6 11. c5 Qd7 12. Bb5 Bf6 13. Nb3 a6 14. Be2 g5 15. Nh2
Qg7 16. Nf3 a5 17. a4 g4 0-1

[Event "AUTO-OPEN-87"]
[Site "http://www.queenalice.com/game.php?id=60105"]
[Date "2006.3.29"]
[Round "2"]
[White "jiikoo"]
[Black "waltc"]
[Result "1-0"]
[WhiteElo "2258"]
[BlackElo "2037"]

1. Nc3 Nc6 2. d4 e5 3. d5 Nb8 4. Nf3 d6 5. e4 Nd7 6. Be3 Ngf6 7. Be2 Be7 8. O-O
O-O 9. a4 h6 10. a5 Kh7 11. a6 b6 12. h3 Ng8 13. Bb5 Nb8 14. Qd3 f5 15. Bd2 f4
16. Qc4 g5 17. Ra3 Rf7 18. Rd1 Bf6 19. Qa4 Ne7 20. Be2 Rg7 21. Nh2 h5 22. Bxh5
Bxa6 23. Nb5 Bxb5 24. Qxb5 Nd7 25. Bg4 Ng8 26. Bf5+ Kh8 27. Qe2 Ne7 28. Qh5+ Kg8
29. Be6+ Kf8 30. Ng4 Ng8 31. Rda1 a5 32. b4 Rb8 33. bxa5 bxa5 34. Rxa5 Nc5 35.
Rxc5 dxc5 36. Bc3 Qe8 37. Nxf6 Nxf6 38. Qh8+ 1-0

[Event "AUTO-OPEN-66"]
[Site "http://www.queenalice.com/game.php?id=64338"]
[Date "2006.4.19"]
[Round "3"]
[White "jiikoo"]
[Black "NextFuture"]
[Result "1-0"]
[WhiteElo "2255"]
[BlackElo "1950"]

1. Nf3 Nf6 2. d4 d5 3. e3 c6 4. c4 Bg4 5. cxd5 cxd5 6. Nc3 e6 7. Qb3 Nbd7 8.
Qxb7 Be7 9. Ne5 Nxe5 10. dxe5 Ne4 11. Nxe4 dxe4 12. Qc6+ Kf8 13. Bd2 Rb8 14. Bc3
h5 15. h3 Rc8 16. Qa6 Bf5 17. Ba5 Rc6 18. Bxd8 Bb4+ 19. Kd1 1-0

[Event "AUTO-OPEN-66"]
[Site "http://www.queenalice.com/game.php?id=64339"]
[Date "2006.4.19"]
[Round "3"]
[White "NextFuture"]
[Black "jiikoo"]
[Result "0-1"]
[WhiteElo "1954"]
[BlackElo "2252"]

1. d4 e6 2. e4 d5 3. e5 c5 4. c3 Nc6 5. Nf3 Qb6 6. Bd3 cxd4 7. cxd4 Bd7 8. O-O
Nxd4 9. Nc3 Nxf3+ 10. Qxf3 Ne7 11. b3 Ng6 12. Qg3 Bc5 13. Na4 Bxa4 14. bxa4 O-O
15. Rb1 Qc7 16. Bb2 Qa5 17. h4 Qxa4 18. h5 Qf4 0-1

[Event "AUTO-OPEN-115"]
[Site "http://www.queenalice.com/game.php?id=76070"]
[Date "2006.6.13"]
[Round "3"]
[White "salso"]
[Black "jiikoo"]
[Result "0-1"]
[WhiteElo "1933"]
[BlackElo "2278"]

1. e4 e5 2. Nc3 Nf6 3. Bc4 Bb4 4. d3 c6 5. a3 Bxc3+ 6. bxc3 d5 7. exd5 cxd5 8.
Bb5+ Bd7 9. Bxd7+ Nbxd7 10. Nf3 O-O 11. O-O Qc7 12. Bd2 Rfe8 13. Re1 Nc5 14. Qb1
Rac8 15. Qb4 e4 16. dxe4 a5 17. Qd4 dxe4 18. Ng5 Red8 19. Qe3 h6 20. Nh3 Na4 21.
f3 exf3 22. gxf3 Qd7 23. Re2 Nd5 24. Qd4 Ndxc3 25. Bxc3 Nxc3 26. Qxd7 Nxe2+ 27.
Kf2 Rxd7 28. Kxe2 Rxc2+ 29. Ke3 Rxh2 30. Nf4 Re7+ 31. Kd4 Rh4 0-1

[Event "AUTO-OPEN-115"]
[Site "http://www.queenalice.com/game.php?id=76071"]
[Date "2006.6.13"]
[Round "3"]
[White "jiikoo"]
[Black "salso"]
[Result "1-0"]
[WhiteElo "2280"]
[BlackElo "1941"]

1. d4 e6 2. e4 d5 3. exd5 exd5 4. Nf3 Bd6 5. c4 c6 6. c5 Bc7 7. Bd3 Qe7+ 8. Be3
Nf6 9. O-O Bg4 10. h3 Bh5 11. Nbd2 Ne4 12. Re1 O-O 13. Bg5 Qxg5 14. Nxg5 Bxd1
15. Bxe4 dxe4 16. Raxd1 f5 17. g4 g6 18. Ne6 Rf7 19. Nxc7 Rxc7 20. f3 Re7 21.
fxe4 fxg4 22. hxg4 Na6 23. e5 Nb4 24. Ne4 b6 25. Nf6+ Kg7 26. cxb6 axb6 27. a3
Nd5 28. Rc1 Re6 29. Nxd5 cxd5 30. Rc7+ Kh6 31. Rd7 Kg5 32. Rxh7 Ra4 33. Rd1 Kxg4
34. Kf2 g5 35. Ke3 Rc4 36. Rg1+ Kf5 37. Rg7 Rxe5+ 38. dxe5 Re4+ 39. Kd3 g4 40.
R1xg4 Rxe5 41. R4g5+ 1-0

[Event "AUTO-OPEN-115"]
[Site "http://www.queenalice.com/game.php?id=76072"]
[Date "2006.6.13"]
[Round "3"]
[White "Francisco"]
[Black "jiikoo"]
[Result "1/2-1/2"]
[WhiteElo "2034"]
[BlackElo "2282"]

1. d4 d5 2. Nf3 e6 3. Bf4 Bd6 4. Bxd6 cxd6 5. c3 Nf6 6. e3 Nc6 7. Bb5 O-O 8. O-O
Bd7 9. Nbd2 Qb6 10. Bxc6 Bxc6 11. Qc2 Bb5 12. Rfe1 Qa6 13. a4 Bd3 14. Qb3 Rac8
15. Qa3 Rfd8 16. Rec1 Be2 17. a5 Bb5 18. h3 Rc7 19. Qb3 Re8 20. Qd1 Rd8 21. Qe1
1/2-1/2

[Event "AUTO-OPEN-115"]
[Site "http://www.queenalice.com/game.php?id=76073"]
[Date "2006.6.13"]
[Round "3"]
[White "jiikoo"]
[Black "Francisco"]
[Result "1-0"]
[WhiteElo "2273"]
[BlackElo "2076"]

1. e4 c6 2. d4 d5 3. Nd2 dxe4 4. Nxe4 Bf5 5. Ng3 Bg6 6. Nf3 Nd7 7. h4 h6 8. h5
Bh7 9. Bd3 Bxd3 10. Qxd3 e6 11. Bf4 Ngf6 12. O-O Be7 13. c4 O-O 14. Rad1 Nb6 15.
Qb3 Qc8 16. Rfe1 Re8 17. a4 c5 18. a5 Nbd7 19. d5 exd5 20. cxd5 b6 21. d6 Bf8
22. Rxe8 Nxe8 23. Ne5 Nxd6 24. Nxd7 Qxd7 25. Bxd6 Bxd6 26. Ne4 Qe7 27. Nxd6 Rd8
28. axb6 1-0

[Event "AUTO-OPEN-82"]
[Site "http://www.queenalice.com/game.php?id=76699"]
[Date "2006.6.15"]
[Round "3"]
[White "jiikoo"]
[Black "David33"]
[Result "1/2-1/2"]
[WhiteElo "2275"]
[BlackElo "2209"]

1. e4 e5 2. Nf3 Nc6 3. Nc3 Nf6 4. Bc4 Nxe4 5. O-O Nxc3 6. dxc3 Be7 7. Qd5 O-O 8.
Nxe5 Nxe5 9. Qxe5 Bf6 10. Qh5 c6 11. Re1 d5 12. Bd3 g6 13. Qf3 Be6 14. Be3 Bg7
15. Qf4 Re8 16. Bd4 b6 17. Bxg7 Kxg7 18. Rad1 Qf6 19. Qc7 c5 20. Bb5 Rec8 21.
Qb7 Rcb8 22. Qc7 Rc8 23. Qb7 Rcb8 24. Qc7 Rc8 1/2-1/2

[Event "AUTO-OPEN-82"]
[Site "http://www.queenalice.com/game.php?id=76700"]
[Date "2006.6.15"]
[Round "3"]
[White "David33"]
[Black "jiikoo"]
[Result "1-0"]
[WhiteElo "2192"]
[BlackElo "2284"]

1. e4 e5 2. Nf3 Nc6 3. Bb5 a6 4. Bxc6 dxc6 5. O-O Bg4 6. h3 Bxf3 7. Qxf3 Bd6 8.
d3 Ne7 9. Nd2 O-O 10. Nc4 b5 11. Ne3 Bc5 12. g3 Bd4 13. h4 Qd6 14. Nf5 Nxf5 15.
Qxf5 Rfe8 16. Kg2 b4 17. Qg4 a5 18. Rb1 a4 19. Qe2 Qe6 20. b3 Red8 21. Be3 axb3
22. axb3 Ra2 23. Bxd4 exd4 24. f4 Qd6 25. Rf2 c5 26. Re1 Qc6 27. Qf3 Ra7 28. e5
Qd7 29. f5 Ra6 30. g4 Rb8 31. Kg3 h6 32. Qf4 Rbb6 33. g5 Rb8 34. h5 hxg5 35.
Qxg5 Kh8 36. Re4 Rh6 37. f6 Rg8 38. Rg4 Rh7 39. Qf5 Qxf5 40. Rxf5 Rc8 41. Kf4
Ra8 42. Rfg5 gxf6 43. exf6 Rh6 44. Rf5 c6 45. Kg5 Kh7 46. Rgf4 Rg8+ 47. Kh4 Rg1
48. Rxc5 Rh1+ 49. Kg4 Rg1+ 50. Kf3 Rf1+ 51. Ke4 Rxf4+ 52. Kxf4 Rxf6+ 53. Ke5 Kg7
54. Kxd4 Rf4+ 55. Ke3 Rf6 56. d4 Re6+ 57. Kd3 Rd6 58. Kc4 Kh6 59. Kxb4 Rxd4+ 60.
c4 Rd8 61. Rxc6+ Kxh5 62. Rf6 Rf8 63. c5 Kg5 64. Rf1 f5 65. c6 Kf6 66. Re1 Rb8+
67. Ka3 Rc8 68. Rc1 Ke5 69. b4 Ra8+ 70. Kb3 Kd6 71. b5 Kc7 72. Kb4 Re8 73. Ra1
Re4+ 74. Ka5 Re2 75. Kb4 Rb2+ 76. Kc4 Rc2+ 77. Kb3 Rc5 78. Kb4 Rc2 79. Ra7+ Kd8
80. Rf7 f4 81. Rxf4 Kc7 82. Rf7+ 1-0

[Event "AUTO-OPEN-82"]
[Site "http://www.queenalice.com/game.php?id=76701"]
[Date "2006.6.15"]
[Round "3"]
[White "jiikoo"]
[Black "NextFuture"]
[Result "1-0"]
[WhiteElo "2273"]
[BlackElo "2045"]

1. d4 Nf6 2. Nf3 e6 3. e3 c5 4. c4 cxd4 5. exd4 d5 6. Nc3 Nc6 7. Bd3 dxc4 8.
Bxc4 Be7 9. O-O O-O 10. Bf4 a6 11. Bb3 b5 12. d5 exd5 13. Nxd5 Bb7 14. Rc1 Rc8
15. Re1 Nxd5 16. Bxd5 Bf6 17. b3 Qd7 18. Ng5 Bxg5 19. Bxg5 Qf5 20. Be7 Rfe8 21.
Be4 Qf4 22. Bd6 Qxe4 23. Rxe4 Rxe4 24. Rc2 Rce8 25. Kf1 a5 26. f3 R4e6 27. Bg3
b4 28. Kg1 h6 29. Rd2 Ne5 30. Bxe5 Rxe5 31. Rd8 1-0

[Event "AUTO-OPEN-82"]
[Site "http://www.queenalice.com/game.php?id=76702"]
[Date "2006.6.15"]
[Round "3"]
[White "NextFuture"]
[Black "jiikoo"]
[Result "0-1"]
[WhiteElo "2048"]
[BlackElo "2268"]

1. d4 d5 2. Nf3 e6 3. Bg5 Be7 4. Bxe7 Qxe7 5. Nbd2 Nf6 6. e3 O-O 7. a3 Nbd7 8.
c4 e5 9. cxd5 e4 10. Ng5 h6 11. h4 Nb6 12. Rc1 Bf5 13. Nh3 Nbxd5 14. Qb3 c6 15.
g3 Rad8 16. Nc4 c5 17. dxc5 Qxc5 18. Qc2 Rc8 19. b4 Qc7 20. b5 Nb6 21. Be2 Nxc4
22. Bxc4 Be6 23. Bb3 Qa5+ 0-1

[Event "QA-ANNIV-01"]
[Site "http://www.queenalice.com/game.php?id=78009"]
[Date "2006.6.18"]
[Round "3"]
[White "jiikoo"]
[Black "dnptrs"]
[Result "1-0"]
[WhiteElo "2263"]
[BlackElo "2042"]

1. Nc3 e6 2. e4 Bb4 3. a3 Be7 4. d4 d6 5. Nf3 Nf6 6. Be2 O-O 7. O-O b6 8. Bf4
Bb7 9. Qd3 a6 10. Rfd1 c5 11. dxc5 dxc5 12. Qe3 Qc8 13. Nd2 Nc6 14. Nc4 Bd8 15.
Nd6 Qd7 16. e5 Ne8 17. Nxb7 Qxb7 18. Bf3 Rc8 19. Rd2 Qe7 20. Bxc6 Rxc6 21. Rad1
Nc7 22. Rd7 Qe8 23. Bh6 Nd5 24. Qg3 1-0

[Event "QA-ANNIV-01"]
[Site "http://www.queenalice.com/game.php?id=90929"]
[Date "2006.7.31"]
[Round "4"]
[White "Pannonius"]
[Black "jiikoo"]
[Result "1-0"]
[WhiteElo "1821"]
[BlackElo "2280"]

1. e4 e5 2. Nf3 Nc6 3. Bb5 a6 4. Ba4 b5 5. Bb3 Nf6 6. O-O Bb7 7. Ng5 d5 8. exd5
Nd4 9. Nc3 Nxb3 10. axb3 b4 11. Nce4 Nxe4 12. Nxe4 Qxd5 13. d3 Be7 14. Qg4 g6
15. Qh3 f5 16. Nd2 O-O 17. Nc4 Bc6 18. Re1 Bf6 19. Bh6 Rfb8 20. Kh1 Re8 21. f3
f4 22. Nd2 Qc5 23. Rac1 Qd4 24. Ne4 Bxe4 25. fxe4 Rad8 26. g3 fxg3 27. hxg3 Rd6
28. Re2 Qxb2 29. Rf1 Qd4 30. Rh2 Re7 31. Rhf2 Ree6 32. g4 Rc6 33. g5 Qd8 34.
gxf6 Kf7 35. Bg7 Qg8 36. Rf5 Re7 37. Rxe5 1-0

[Event "QA-ANNIV-01"]
[Site "http://www.queenalice.com/game.php?id=106368"]
[Date "2006.9.15"]
[Round "5"]
[White "jiikoo"]
[Black "miguel"]
[Result "1-0"]
[WhiteElo "2279"]
[BlackElo "1680"]

1. e4 e5 2. Nf3 Nc6 3. Nc3 Nf6 4. Bb5 d6 5. d4 Bd7 6. d5 Na5 7. Be2 Be7 8. b4
Nc6 9. dxc6 Bxc6 10. Bd3 O-O 11. O-O Re8 12. a4 a6 13. Bb2 d5 14. exd5 Nxd5 15.
Nxe5 Bxb4 16. Bxh7+ Kf8 17. Nxc6 bxc6 18. Nxd5 cxd5 19. Qd4 Qf6 20. Qxb4+ 1-0

[Event "AUTO-OPEN-87"]
[Site "http://www.queenalice.com/game.php?id=114166"]
[Date "2006.10.7"]
[Round "3"]
[White "jiikoo"]
[Black "Duncan"]
[Result "1-0"]
[WhiteElo "2265"]
[BlackElo "2119"]

1. e4 c5 2. Nf3 d6 3. Nc3 Nf6 4. Bb5+ Bd7 5. Bxd7+ Nbxd7 6. O-O g6 7. d4 cxd4 8.
Qxd4 Bg7 9. Qb4 Qb6 10. Qb3 Qxb3 11. axb3 a6 12. Bf4 Rc8 13. Bd2 O-O 14. Rfe1
Rfd8 15. Rad1 b5 16. Bg5 h6 17. Bd2 Ng4 18. Ra1 1-0

[Event "AUTO-OPEN-87"]
[Site "http://www.queenalice.com/game.php?id=114167"]
[Date "2006.10.7"]
[Round "3"]
[White "Duncan"]
[Black "jiikoo"]
[Result "0-1"]
[WhiteElo "2127"]
[BlackElo "2257"]

1. e4 e5 2. Nf3 Nf6 3. d4 Nxe4 4. Bd3 d5 5. Nxe5 Nd7 6. Nxd7 Bxd7 7. O-O Qf6 8.
Nc3 Nxc3 9. bxc3 Be7 10. Re1 Be6 11. Rb1 O-O-O 12. Qh5 h6 13. Qe5 Qxe5 14. Rxe5
Bd6 15. Re1 Rhe8 16. Be3 c6 17. a4 Bc7 18. f4 Bd7 0-1

[Event "AUTO-OPEN-87"]
[Site "http://www.queenalice.com/game.php?id=114168"]
[Date "2006.10.7"]
[Round "3"]
[White "jiikoo"]
[Black "David33"]
[Result "1-0"]
[WhiteElo "2273"]
[BlackElo "2218"]

1. e4 e5 2. Nf3 Nc6 3. Nc3 Nf6 4. Bb5 Bd6 5. d4 exd4 6. Nxd4 Nxd4 7. Qxd4 Qe7 8.
Be2 b6 9. f4 Bc5 10. Qd3 d6 11. b4 Nxe4 12. bxc5 Nxc3 13. Qxc3 O-O 14. Bb2 f6
15. cxd6 cxd6 16. Kf2 Bb7 17. Rhe1 Qd7 18. Rad1 Rac8 19. Qb3+ d5 20. c4 Qf5 21.
Rd4 dxc4 22. Bxc4+ Kh8 23. Re7 Ba8 24. Qd3 1-0

[Event "AUTO-OPEN-87"]
[Site "http://www.queenalice.com/game.php?id=114169"]
[Date "2006.10.7"]
[Round "3"]
[White "David33"]
[Black "jiikoo"]
[Result "0-1"]
[WhiteElo "2195"]
[BlackElo "2270"]

1. e4 e5 2. Nf3 Nf6 3. Nxe5 d6 4. Nf3 Nxe4 5. c4 Be7 6. d4 d5 7. Nc3 Nxc3 8.
bxc3 Nc6 9. c5 Bf5 10. Bd3 Qd7 11. O-O O-O 12. Bf4 Bxd3 13. Qxd3 b6 14. cxb6
axb6 15. Ne5 Nxe5 16. Bxe5 Ra3 17. Qg3 f6 18. Bxc7 Rc8 19. Bxb6 Rcxc3 20. f3 Bd6
21. Qe1 Rc6 22. Bc5 Bxc5 23. dxc5 Rxc5 24. Qb4 Qa7 25. Kh1 Rac3 26. a4 R3c4 27.
Qe1 Kf7 28. a5 Qa6 29. Qd2 Ra4 30. Rfe1 Raxa5 31. Rxa5 Rxa5 32. Qc2 Qa8 33. Qxh7
Ra1 34. Qh5+ Kg8 35. Qh4 Qa5 36. Rg1 Qa7 37. Re1 g5 38. Qg3 Qa5 39. Rg1 Qa7 40.
Re1 Qa5 41. Rg1 d4 42. h4 Rxg1+ 43. Kxg1 d3 44. hxg5 fxg5 45. Qb8+ Kg7 46. Qb7+
Kf8 47. Qc8+ Ke7 48. Qb7+ Kd6 49. Qb8+ Kd5 50. Qb7+ Kc4 51. Qe4+ Kc3 52. Qe3 Kc2
53. Qe4 Qc3 54. Kh2 Qc5 55. Qa4+ Kc1 56. Qa1+ Kd2 57. Qb2+ Ke1 58. Qa1+ Ke2 59.
Qa6 Qd4 60. Qb5 Kf2 0-1

[Event "QA-ANNIV-01"]
[Site "http://www.queenalice.com/game.php?id=128189"]
[Date "2006.11.11"]
[Round "6"]
[White "Austin"]
[Black "jiikoo"]
[Result "0-1"]
[WhiteElo "1119"]
[BlackElo "2283"]

1. e4 e5 2. Nf3 Nf6 3. d4 Nxe4 4. Bd3 d5 5. O-O exd4 6. Nxd4 Bc5 7. Nb3 Bd6 8.
f3 Nc5 9. Qe1+ Be6 10. Nxc5 Bxc5+ 11. Be3 Bxe3+ 12. Qxe3 O-O 13. Nc3 Re8 14. Qf4
c5 15. Bb5 Nc6 16. Bxc6 bxc6 17. Na4 Qa5 18. b3 d4 19. Rac1 Rad8 20. Rfe1 c4 21.
Re5 Rd5 22. Re4 Red8 23. g4 cxb3 24. axb3 d3 25. cxd3 Rxd3 26. Rxc6 Rd1+ 27. Kf2
R8d2+ 28. Kg3 Rg1+ 29. Kh4 h6 30. Rc5 Qd8+ 0-1

[Event "QA-ANNIV-01"]
[Site "http://www.queenalice.com/game.php?id=150510"]
[Date "2007.1.5"]
[Round "7"]
[White "jiikoo"]
[Black "ketchuplover"]
[Result "1-0"]
[WhiteElo "2269"]
[BlackElo "1562"]

1. e4 c5 2. Nf3 e6 3. Nc3 Nc6 4. Bb5 Qc7 5. d3 d6 6. O-O Bd7 7. d4 cxd4 8. Nxd4
Nxd4 9. Bxd7+ Qxd7 10. Qxd4 Ne7 11. Rd1 Nc6 12. Qe3 a6 13. Qg3 O-O-O 14. Be3 b5
15. a4 b4 16. Ne2 Be7 17. Qxg7 Rdg8 18. Qxf7 Ne5 19. Qh5 Rg4 20. Ng3 Rh4 21. Qe2
Kb7 22. c3 Ng4 23. cxb4 Nxh2 24. e5 d5 25. Rd4 1-0